| 000 | 01032nam a2200253 a 4500 | ||
|---|---|---|---|
| 001 | BRCA_54 | ||
| 005 | 20190320202850.0 | ||
| 008 | 980211s2005####sp-a#####c---#000-0#spa-# | ||
| 020 | _a8495330113 (Límite) | ||
| 020 | _a847788367X (Junta de Castilla-La Mancha) | ||
| 040 |
_aDLC _cDLC _dDLC |
||
| 041 | _aspaeng | ||
| 044 | _asp | ||
| 050 | 4 |
_aNC998.6.S7 _b.O87 2005 |
|
| 245 | 1 | 0 |
_aOtros Quijotes _blos diseñadores españoles reinventan el personaje = Other don Quixotes : Spanish designers reinvent the character. |
| 260 |
_aMadrid _bLímite : Junta de Comunidades de Castilla-La Mancha _c[2005?] |
||
| 300 |
_a163 p. _bil. _c35 cm. |
||
| 546 | _aTexto en : español e inglés | ||
| 600 | 1 | 4 |
_aDon Quijote (Personaje ficticio) _vExposiciones _xEn el arte _9254 |
| 650 | 1 | 4 |
_aPublicidad comercial artística _vExposiciones _xHistoria _ySiglo XXI _zEspaña _9255 |
| 650 | 1 | 4 |
_aArtes gráficas _vExposiciones _xHistoria _ySiglo XXI _zEspaña _9256 |
| 740 | 0 | _aOther don Quixotes : Spanish designers reinvent the character. | |
| 942 |
_2lcc _cB |
||
| 999 |
_c54 _d54 |
||